000 00353nam a2200145Ia 4500
008 230917s9999||||xx |||||||||||||| ||und||
040 _e121223
_aMAIN
041 _aEnglish
082 _a342.54 S59B
100 _aSant, K. M.
245 0 _aBhartiya sanvidhan banam Geeta
260 _aLucknow
_bDalit Today
_c1999
300 _a201p. p.
942 _cBK
999 _c132403
_d132403